000 00894nam a22002657a 4500
003 CHAP
005 20220329135220.0
008 971013s r 00010 d
010 _a32742
011 _a33714
035 _a37830
040 _cCHAP
090 _aR-2210
100 0 0 _aElgersma, D. M.
_936272
245 _aSusceptibility and possible mechanisms of resistance to duth elm disease
500 _aSobretiro de : Proceedings of the Duth Elm Disease Symposium and Works-Shop. Winnipegmanitoba. 1981. pp. 169-177
501 _aEnc. con otros impresos similares
590 _aBATCH-UPD
_b10
_c20130110
_lUCH01
_h2131
590 _aCONVERSION
_b10
_c20130109
_lUCH01
_h1318
650 1 4 _aEnfermedad holandesa del olmo.
_936930
650 1 4 _aOlmo
_xVariedades resistentes a enfermedades.
_983182
901 _aBK
942 _cREIMP
949 _aR-2210
_bBC
_cR
_d-86647
_eTS1
_i37830
_si
999 _c32742
_d32742